000 00369nam a2200157Ia 4500
008 230711s9999||||xx |||||||||||||| ||und||
041 _aENG
082 _a720
_bUJ-H
100 _aUje Lee Editor
245 0 _aHouse on the landscape
250 _a1st Ed.
260 _c2006
_aNew Delhi
_bPrakash Books Pvt Ltd
300 _a235
650 _aArchitecture
942 _cBK
999 _c5063
_d5063